Procédure fiscale contentieuse

Saved in:
Bibliographic Details
Main Authors: Feye, Marcel (Author), Cardyn, Charles (Author)
Format: Book
Language:French
Published: Bruselas Emile Bruylant 1958
Edition:2a. ed
Subjects:
Tags: Add Tag
No Tags, Be the first to tag this record!

MARC

LEADER 00000nam a2200000 a 4500
001 UCS0556
003 CL-VaPUC
008 970426e19580000BE |||||||||||||||||fre|d
082 0 4 |a 342.066  |b FEY  |2 21 
100 0 |a Feye, Marcel  |e author  |9 384211 
700 0 |a Cardyn, Charles  |e author  |9 384212 
245 1 0 |a Procédure fiscale contentieuse 
250 |a 2a. ed 
300 |a 476 p 
942 |c BK 
945 |d 19970426 00:00:00  |a paguirre 
260 |a Bruselas  |b Emile Bruylant  |c 1958 
650 0 |a Derecho administrativo  |9 254851 
650 0 |a Actos administrativos   |9 256128 
650 7 |a CONTENCIOSO ADMINISTRATIVO  |2 CL-VaPUC  |9 255490 
650 0 |a Estado  |9 255503 
650 0 |a Administración pública   |9 255343 
650 7 |a TRIBUNALES CONTENCIOSO ADMINISTRATIVOS  |2 CL-VaPUC  |9 384213 
583 |a last modification  |c 19970426 00:00:00  |k Rodrigo Vera 
999 |c 258778  |d 258776 
952 |0 0  |1 0  |4 0  |6 342_066000000000000_FEY_1958  |7 0  |8 A  |9 283073  |a BIBDER  |b BIBDER  |d 2019-11-19  |i 1836862  |o 342.066 FEY 1958  |p 1836862  |r 2023-01-25  |w 2019-11-19  |y BK  |k DER